Statistics for Top African safari destinations

Click here to take the quiz!

General Stats

  • This quiz has been taken 69 times
  • The average score is 6 of 30

Answer Stats

PosParkCountryHint% Correct
1SerengetiTanzaniaClassic safari, Big 5 present (rhino rare), many big cats, wildebeest migration
88%
18KrugerSouth AfricaClassic safari, great abundance of all major safari animals including the Big 5
83%
10Masai MaraKenyaClassic safari, Big 5 present (rhino rare), many big cats, wildebeest migration
59%
8NgorongoroTanzaniaClassic safari, abundant wildlife in the volcanic crater includes the Big 5
44%
14ChobeBotswanaBoat and classic safari, Big 5 present (rhino very rare), abundant elephants
34%
21AmboseliKenyaClassic safari, Big 5 present, famous for its views of Mount Kilimanjaro
29%
4Okavango DeltaBotswanaCanoe, boat and classic safari, waterway paradise, Big 5 (rhino in Moremi)
29%
22EtoshaNamibiaClassic safari, 4 of the Big 5 (no buffalo), abundant wildlife during the Dry season
20%
9Sabi SandSouth AfricaArea consisting of multiple private reserves, excellent Big 5 wildlife viewing
17%
24SamburuKenyaClassic safari, 4 of Big 5 (no rhino), adjoining Buffalo Springs without fences
17%
16SelousTanzaniaWalking, boat and classic safari, Big 5 present, healthy population of wild dog
17%
30TarangireTanzaniaClassic safari, 4 of the Big 5 (no rhino), abundant wildlife in the dry season
17%
23Central KalahariBotswanaClassic safari, wildlife scarce except after summer rains, all big cats present
15%
2Mana PoolsZimbabweWalking, canoe and classic safaris, 4 of the Big 5 and wild dogs present, no rhino
15%
26Tsavo EastKenyaClassic safari, adjacent to Tsavo West, Big 5 present, low wildlife density
15%
12HwangeZimbabweClassic safari, abundance of all major safari animals including the Big 5
12%
5Lower ZambeziZambiaCanoe and classic safari, 4 of the Big 5 (no rhino), no giraffe
12%
3Mala MalaSouth AfricaClassic safari, private reserve, abundant wildlife- including the Big 5
12%
15RuahaTanzaniaWalking and classic safari, 4 of the Big 5 (no rhino), cheetah and wild dogs
12%
7South LuangwaZambiaWalking and classic safari, giraffe, 4 of the Big 5 (no rhino), abundant wildlife
12%
6MoremiBotswanaClassic safari, Big 5 present (rhino rare), partly located in the Okavango Delta
10%
25Ol PejetaKenyaClassic safari, private reserve, Big 5 and chimpanzee sanctuary present
7%
27HluhluweSouth AfricaClassic safari, Big 5 present, famous for its rhino population
5%
11Kidepo ValleyUgandaClassic safari, giraffe, cheetah, antelope species, 4 of the Big 5 (no rhino)
5%
19MadikweSouth AfricaClassic safari, private reserve, Big 5 present
5%
20PhindaSouth AfricaClassic safari, private reserve, abundant wildlife- including the Big 5
5%
13KgalagadiSouth AfricaClassic safari, transfrontier park with Botswana, all big cats present
2%
17Mahale MountainsTanzaniaChimpanzee tracking, several major safari animals present but rarely seen
2%
28ShamwariSouth AfricaClassic safari, private reserve, Big 5 present
2%
29TimbavatiSouth AfricaClassic safari, private reserve, Big 5 present
2%

Score Distribution

Percentile by Number Answered

Percent of People with Each Score

Your Score History

You have not taken this quiz